Digitálna diagnostika znamienok

Bibliographic Details
Format: Article
Language:Slovak
ISSN:1335-4477
Subjects:

MARC

LEADER 00000nab a2200000 a 4500
001 vtls009004806
003 SK-MaSNL
005 20260303065648.0
008 140303c2007 xo wrzp 0 0slo
015 |a SNBRB2007/06  |2 snkbucl 
040 |a SNKBUCL  |b slo  |c SNKBUCL  |e AACR2 
041 0 |a slo 
044 |a xo  |c SK 
080 |a 616.5-006-074  |2 1997 
245 0 0 |a Digitálna diagnostika znamienok  |c [autor] (mi) 
650 0 7 |a nádory kože  |x diagnostika  |2 snkbucl  |9 1066025 
773 0 |t Zdravotnícke noviny  |g Roč. XII, č. 23 (2007), s. 5  |x 1335-4477 
852 |a SNK  |b KIS3GCP 
958 |a MI 
958 |a SK 
999 |c 1752095  |d 1754025